Návrh metodiky implementácie komponentov zhotovených aditívnou výrobou do modulov mobilných strojov

Uložené v:
Podrobná bibliografia
Hlavný autor: Suchý, Ján (Autor)
Ďalší autori: Korec, Andrej (Vedúci práce)
Médium: Rukopis Kniha
Jazyk:Slovak
Vydavateľské údaje: 2023
Predmet:
On-line prístup:http://is.stuba.sk/zp/portal_zp.pl?podrobnosti=179181
Tagy: Pridať tag
Žiadne tagy, Buďte prvý, kto otaguje tento záznam!

MARC

LEADER 00000ntm a22000003a 4500
001 stuzp94772
003 SK-STU
005 20240424093128.7
007 ta
008 150427s2015----xo-----f-mn---000-0-slo-d
040 |a STU  |b slo 
041 0 |a slo 
100 1 |a Suchý, Ján  |u 020031  |4 aut  |U SjF Ústav dopravnej techniky a konštruovania  |T SjF Oddelenie konštruovania a mobilných pracovných strojov  |X 103998  |U J0031  |Y 444  |7 103998 
242 0 1 |a Design of the methodology for the implementation of components made by additive manufacturing into modules of heavy duty mobile machines  |y eng 
245 1 0 |a Návrh metodiky implementácie komponentov zhotovených aditívnou výrobou do modulov mobilných strojov 
260 |c 2023 
650 4 |a FDM tlač  |2 slo 
650 4 |a Joystick  |2 slo 
650 4 |a Aditívna výroba  |2 slo 
650 4 |a 3d tlač  |2 slo 
650 4 |a Mobilné pracovné stroje  |2 slo 
650 4 |a Joystick  |2 eng 
650 4 |a Additive manufacturing  |2 eng 
650 4 |a Heavy duty mobile machines  |2 eng 
650 4 |a FDM printing  |2 eng 
650 4 |a 3D printing  |2 eng 
700 1 |a Korec, Andrej  |4 ths  |X 81449  |7 81449 
856 4 |u http://is.stuba.sk/zp/portal_zp.pl?podrobnosti=179181 
996 |b 284J047504  |c J* 3626/DBP  |l JJSK  |s A  |a 24  |w stuzp94772_0001